Statistics for What fish is the odd one out???

Click here to take the quiz!

General Stats

  • This quiz has been taken 4 times
  • The average score is 9 of 20

Answer Stats

QuestionAnswer% Correct
What fish is the odd one out?Manatee
100%
Is this fish real or fake? Orange Spotted SnakeheadReal
100%
What fish is the odd one out?Sea Trout
100%
What fish is the odd one out?Gluckerfish
75%
What fish is the odd one out?Largemouth Bass
75%
Green LanternfishFake
50%
Spotted DonkeyfishFake
50%
What fish is the odd one out?Flounder
50%
What fish is the odd one out?Humpback Blue diamondfish
50%
What fish is the odd one out?Lungfish
50%
Is this fish real or fake? GreengillReal
50%
What fish is the odd one out?Anusfish
25%
What fish is the odd one out?Birdfish
25%
Is this fish real or fake? Moosehump GuppieFake
25%
Is this fish real or fake? Brown PerchFake
25%
What fish is the odd one out?Largemouth Bass
25%
Next section: Is this fish real or fake? Monkeyface PricklebackReal
25%
Is this fish real or fake? Yellowtail BassReal
25%
What fish is the odd one out?Smallmouth Bass
0%
What fish is the odd one out?Wiper
0%

Score Distribution

Percentile by Number Answered

Percent of People with Each Score

Your Score History

You have not taken this quiz